[Event "SVK-chT2D 14/15"]
[Site "Slovakia"]
[Date "2014.11.09"]
[Round "4.3"]
[White "Vacek, Jiri"]
[Black "Vajo, Jozef"]
[Result "1/2-1/2"]
[WhiteElo "1743"]
[BlackElo "1772"]
[PlyCount "66"]
[EventDate "2014.10.11"]
[EventType "team-tourn"]
[EventRounds "11"]
[EventCountry "SVK"]
[SourceTitle "EXT 2019"]
[Source "ChessBase"]
[SourceDate "2018.10.10"]
[SourceVersion "1"]
[SourceVersionDate "2018.10.10"]
[SourceQuality "1"]
[WhiteTeam "Kosice 1 CC"]
[BlackTeam "Velke Kapusany Energetik"]
[WhiteTeamCountry "SVK"]
[BlackTeamCountry "SVK"]

1. e4 c5 2. Bb5 a6 3. Bc4 Nc6 4. c3 Nf6 5. d3 d5 6. exd5 Nxd5 7. Nf3 g6 8. 0-0 Bg7 9. Bg5 0-0 10. Re1 Be6 11. Bb3 Qd7 12. Nbd2 Rad8 13. Bc2 Rfe8 14. Rb1 Bxc3 15. bxc3 Nxc3 16. Qc1 Nxb1 17. Qxb1 Nb4 18. a3 Nxc2 19. Qxc2 Qxd3 20. Qxc5 Rd5 21. Qb4 Rb5 22. Qa4 Bd7 23. Qh4 f6 24. Bh6 Rh5 25. Qf4 b5 26. Qe3 Qxe3 27. Bxe3 Kf7 28. Nb3 Rd5 29. Nc5 Bg4 30. Nd2 a5 31. f3 Bc8 32. Rb1 Red8 33. Rxb5 Rxd2 1/2-1/2